Privatizace jako prostředek transformace ekonomického systému

Transformácia sociálno-ekonomických systémov je výsledkom komplexných zmien inštitucionálnych, ekonomických a mimoekonomických. Intervencia štátu do ekonomiky. Privatizácia štátneho vlastníctva (typy a technika). Ciele a dôsledky privatizácie (teória a prax). Náklady na privatizáciu. Charakteristick...

Descrizione completa

Salvato in:
Dettagli Bibliografici
Autore principale: Dalago, B.
Natura: Capitolo di libro
Lingua:ceco
Soggetti:
Tags: Aggiungi Tag
Nessun Tag, puoi essere il primo ad aggiungerne!!

MARC

LEADER 00000naa a2200000 4500
001 r017139
005 20221205102510.5
041 0 |a cze 
044 |a CZ 
245 1 0 |a Privatizace jako prostředek transformace ekonomického systému  |c B. Dalago 
520 |a Transformácia sociálno-ekonomických systémov je výsledkom komplexných zmien inštitucionálnych, ekonomických a mimoekonomických. Intervencia štátu do ekonomiky. Privatizácia štátneho vlastníctva (typy a technika). Ciele a dôsledky privatizácie (teória a prax). Náklady na privatizáciu. Charakteristické črty firiem určených na privatizáciu. 
610 2 0 |a privatizácia 
610 2 0 |a transformácia 
610 2 0 |a vlastníctvo 
610 2 0 |a štát 
610 2 0 |a vzťahy vlastnícke 
610 2 0 |a systémy sociálno-ekonomické 
610 2 0 |a intervencionizmus štátny 
610 2 0 |a náklady 
610 2 0 |a firmy 
100 1 |a Dalago, B.